[Event "4NCL Division 4 South"]
[Site "Telford, ENG"]
[Date "2017.02.11"]
[Round "5.65"]
[White "Cole, Graham"]
[Black "Balakrishnan, Kathirvel"]
[Result "1-0"]
[WhiteElo "1829"]
[BlackElo "1571"]
[PlyCount "57"]
[EventDate "2017.02.11"]
[WhiteTeam "Oxford 3"]
[BlackTeam "Iceni 2"]

1. e4 c6 2. d4 d5 3. e5 Bf5 4. Nc3 e6 5. g4 Bg6 6. Nge2 h6 7. h4 Be7 8. h5 Bh7
9. Be3 Na6 10. Bg2 Qd7 11. Qd2 f6 12. f4 fxe5 13. fxe5 Qd8 14. O-O Bg5 15. Nf4
Bxf4 16. Rxf4 Qb6 17. Raf1 Ne7 18. Na4 Qb4 19. Qxb4 Nxb4 20. Nc5 Nxc2 21. Bd2
O-O-O 22. Nxe6 g5 23. Rf7 Rd7 24. Rf8+ Rd8 25. Nxd8 Rxf8 26. Rxf8 Kd7 27. Nxb7
Nxd4 28. Nc5+ Kc7 29. Ba5# 1-0

[Event "4NCL Division 4 South"]
[Site "Telford, ENG"]
[Date "2017.02.11"]
[Round "5.66"]
[White "Rowles, Sarah"]
[Black "Varney, Andrew"]
[Result "0-1"]
[WhiteElo "1540"]
[BlackElo "1664"]
[PlyCount "68"]
[EventDate "2017.02.11"]
[WhiteTeam "Iceni 2"]
[BlackTeam "Oxford 3"]

1. d4 Nf6 2. Nf3 g6 3. e3 Bg7 4. Be2 d6 5. O-O O-O 6. c4 Nbd7 7. Nc3 e5 8. b4
c6 9. a4 Qc7 10. Qc2 Re8 11. Rd1 e4 12. Nd2 d5 13. cxd5 cxd5 14. Ba3 Nf8 15.
Qb3 Be6 16. Rdc1 Qd8 17. Nb5 Re7 18. Rc2 a6 19. Nc3 Rc7 20. Rac1 Rac8 21. b5 a5
22. b6 Rc6 23. Bb5 Rxb6 24. Bc5 Rxc5 25. dxc5 d4 26. Qa3 dxc3 27. Nf1 Rc6 28.
Bxc6 bxc6 29. Rb1 Nd5 30. Ng3 Nb4 31. Rxc3 Bxc3 32. Qxc3 Qd3 33. Qe1 Bd5 34.
Rd1 Qc2 0-1